000 00378nam a22001337a 4500
020 _a0000000566223
040 _cNUST
082 _a297.64 TAH
100 _aTaha Hussain. Dr
_990528
245 _aHazrat Usman Ghani:
_bTareekh Ki Roshni Main
260 _aLAHORE:
_bBook Sellers International,
_c2007.
650 _aIslam-Biography-Hazrat Usman Ghani
_990529
942 _2ddc
_cBK
999 _c587675
_d587675